| Tag |
First Indicator |
Second Indicator |
Subfields |
| LEADER |
00000nam a2200000Ia 4500 |
| 001 |
in00004331069 |
| 005 |
20200812091413.0 |
| 006 |
m g d |
| 007 |
cr bn |||a|bb| |
| 008 |
030715s1691 stk o 000 0 eng d |
| 035 |
|
|
|a (OCoLC)52614693
|
| 040 |
|
|
|a EAE
|c EAE
|e dcrb
|
| 037 |
|
|
|a CL0037000119
|b ProQuest Information and Learning. 300 N. Zeeb Rd., Ann Arbor, MI 48106
|
| 043 |
|
|
|a e-gw---
|
| 090 |
|
|
|a D280.M4
|b 1691
|
| 049 |
|
|
|a UMIA
|
| 245 |
0 |
0 |
|a Great news from Germany: or, A true account of the discovery of a treacherous design to betray the city of Mentz to the French. :
|b With a list of the Confederate Army near the Rhine.
|
| 246 |
3 |
0 |
|a True account of the discovery of a treacherous design to betray to city of Mentz to the French
|
| 260 |
|
|
|a [Edinburgh :
|b Re-printed by the heir of Andrew Anderson ...,
|c Anno Dom. 1691]
|
| 300 |
|
|
|a 1 online resource (1 sheet (2 pages).
|
| 336 |
|
|
|a text
|b txt
|2 rdacontent
|
| 337 |
|
|
|a computer
|b c
|2 rdamedia
|
| 338 |
|
|
|a online resource
|b cr
|2 rdacarrier
|
| 500 |
|
|
|a Caption title.
|
| 500 |
|
|
|a Imprint from colophon.
|
| 500 |
|
|
|a "Licens'd, July 1, 1691. J.F."
|
| 500 |
|
|
|a Imperfect: stained, print show-through with loss of text.
|
| 500 |
|
|
|a Reproduction of original in: National Library of Scotland.
|
| 510 |
4 |
|
|a Wing (2nd edition)
|c G1720
|
| 533 |
|
|
|a Electronic reproduction.
|b Ann Arbor, Mich. :
|c UMI,
|d 1999-
|f (Early English books online)
|n Digital version of: (Early English Books, 1641-1700 ; 2754:5)
|7 s1999 miun s
|
| 650 |
|
0 |
|a Grand Alliance, War of the, 1689-1697
|x Campaigns
|z Germany
|z Mainz
|v Early works to 1800.
|
| 651 |
|
0 |
|a Mainz (Rhineland-Palatinate, Germany)
|x History
|v Early works to 1800.
|
| 651 |
|
0 |
|a Germany
|x History
|y 1648-1740
|v Early works to 1800.
|
| 655 |
|
7 |
|a Broadsides
|z Scotland
|y 17th century.
|2 rbgenr
|
| 830 |
|
0 |
|a Early English books online.
|
| 856 |
4 |
0 |
|u http://proxy.library.tamu.edu/login?url=https://search.proquest.com/docview/2248531354
|z Connect to the full text of this electronic book
|t 0
|
| 999 |
f |
f |
|s 68418765-f29e-3ee2-9789-a721d958606b
|i 992224ac-11b5-306e-aac5-3db4855931bb
|t 0
|
| 952 |
f |
f |
|a Texas A&M University
|b College Station
|c Electronic Resources
|d Available Online
|t 0
|e D280.M4 1691
|h Library of Congress classification
|
| 998 |
f |
f |
|a D280.M4 1691
|t 0
|l Available Online
|